000 00247nam a2200097Ia 4500
001 1000671
005 20250826230356.0
008 250824s9999 xx 000 0 und d
245 0 _aKENDİNİ BULMAK
_cİHSAN FAZLIOĞLI
260 _bKETEBE YAYINLARI
999 _c1000671
_d1000671